[Event "23rd European Women Club Cup 2018"]
[Site "Halkidiki"]
[Date "2018.10.17"]
[Round "6"]
[White "Zimina, Olga"]
[Black "Gaponenko, Inna"]
[Result "0-1"]
[WhiteElo "2431"]
[BlackElo "2409"]
[Annotator "NA"]
[PlyCount "112"]
[EventDate "2018.10.12"]
[EventType "team-tourn"]
[EventCountry "GRE"]
[SourceTitle "playchess.com"]
[Source "ChessBase"]
[SourceQuality "1"]
[WhiteTeam "Pentole Agnelli"]
[BlackTeam "Kyiv"]
[TimeControl "40/5400+30:1800+30"]

1. c4 {[%emt 0:00:00]} Nf6 {[%emt 0:00:00]} 2. Nf3 {[%emt 0:00:00]} g6 {[%emt 0:00:00]} 3. Nc3 {[%emt 0:00:00]} Bg7 {[%emt 0:00:00]} 4. e4 {[%emt 0:00:08]} d6 {[%emt 0:00:00]} 5. d4 {[%emt 0:00:07]} O-O {[%emt 0:00:00]} 6. Be2 {[%emt 0:00:04]} e5 {[%emt 0:00:00]} 7. Be3 {[%emt 0:00:14]} c6 {[%emt 0:00:02]} 8. dxe5 {[%emt 0:06:25]} dxe5 {[%emt 0:00:11]} 9. O-O {[%emt 0:00:28]} Qe7 {[%emt 0:02:56]} 10. h3 {[%emt 0:01:56]} Na6 {[%emt 0:02:32]} 11. a3 {[%emt 0:00:17]} Nc5 {[%emt 0:18:10]} 12. Qc2 {[%emt 0:03:48]} Nh5 {[%emt 0:00:05]} 13. Rfd1 {[%emt 0:05:33]} Nf4 {[%emt 0:14:10]} 14. Bf1 {[%emt 0:03:39]} Re8 {[%emt 0:08:26]} 15. b4 {[%emt 0:01:50]} Nce6 {[%emt 0:02:38]} 16. g3 {[%emt 0:11:15]} Nd4 {[%emt 0:06:56]} 17. Nxd4 {[%emt 0:08:26]} exd4 {[%emt 0:00:06]} 18. Bxf4 {[%emt 0:03:12]} dxc3 {[%emt 0:00:04]} 19. e5 {[%emt 0:06:17]} Bf5 {[%emt 0:19:35]} 20. Qxc3 {[%emt 0:01:05]} Bxe5 {[%emt 0:00:05]} 21. Bxe5 {[%emt 0:00:13]} Qxe5 {[%emt 0:00:02]} 22. Qxe5 {[%emt 0:06:40]} Rxe5 {[%emt 0:00:02]} 23. g4 {[%emt 0:01:38]} Be6 {[%emt 0:01:49]} 24. f3 {[%emt 0:06:01]} a5 {[%emt 0:16:06]} 25. Kf2 {[%emt 0:01:58]} g5 {[%emt 0:00:01]} 26. Bd3 {[%emt 0:01:01]} Kg7 {[%emt 0:01:42]} 27. h4 {[%emt 0:01:26]} h5 {[%emt 0:01:52]} 28. hxg5 {[%emt 0:00:54]} Rxg5 {[%emt 0:00:12]} 29. gxh5 {[%emt 0:04:43]} Rxh5 {[%emt 0:00:14]} 30. Ke3 {[%emt 0:08:28]} Rh4 {[%emt 0:02:44]} 31. Rh1 {[%emt 0:02:53]} Rxh1 {[%emt 0:00:06]} 32. Rxh1 {[%emt 0:00:04]} axb4 {[%emt 0:00:12]} 33. axb4 {[%emt 0:00:06]} Ra3 {[%emt 0:00:12]} 34. Kd2 {[%emt 0:04:31]} Ra2+ {[%emt 0:00:46]} 35. Ke3 {[%emt 0:04:32]} Ra4 {[%emt 0:02:31]} 36. Rb1 {[%emt 0:01:36]} Ra3 {[%emt 0:00:04]} 37. Rg1+ {[%emt 0:00:25]} Kf6 {[%emt 0:00:11]} 38. Kd2 {[%emt 0:03:14]} Ke5 {[%emt 0:03:12]} 39. b5 {[%emt 0:02:28]} Kd4 {[%emt 0:00:23]} 40. Bc2 {[%emt 0:00:00]} Rxf3 {[%emt 0:00:00]} 41. bxc6 {[%emt 0:06:20]} bxc6 {[%emt 0:00:59]} 42. Rg8 {[%emt 0:08:21]} Rf2+ {[%emt 0:06:28]} 43. Kd1 {[%emt 0:04:59]} Bxc4 {[%emt 0:03:59]} 44. Rg4+ {[%emt 0:00:10]} Kc3 {[%emt 0:00:06]} 45. Rg3+ {[%emt 0:00:09]} Kb4 {[%emt 0:00:20]} 46. Be4 {[%emt 0:00:16]} c5 {[%emt 0:00:52]} 47. Bc6 {[%emt 0:00:49]} Be6 {[%emt 0:09:26]} 48. Ke1 {[%emt 0:00:22]} Rh2 {[%emt 0:00:05]} 49. Rf3 {[%emt 0:03:26]} c4 {[%emt 0:00:20]} 50. Rf4 {[%emt 0:00:36]} Kb3 {[%emt 0:00:32]} 51. Kd1 {[%emt 0:00:19]} c3 {[%emt 0:02:37]} 52. Kc1 {[%emt 0:00:24]} Rc2+ {[%emt 0:00:39]} 53. Kb1 {[%emt 0:02:21]} Rb2+ {[%emt 0:00:05]} 54. Kc1 {[%emt 0:00:10]} Rc2+ {[%emt 0:06:40]} 55. Kb1 {[%emt 0:00:09]} Ra2 {[%emt 0:00:07]} 56. Rf3 {[%emt 0:00:41]} Bf5+ {[%emt 0:01:04]} 0-1

[Event "23rd European Women Club Cup 2018"]
[Site "Halkidiki"]
[Date "2018.10.17"]
[Round "6"]
[White "Bodnaruk, Anastasia"]
[Black "Dzagnidze, Nana"]
[Result "1/2-1/2"]
[WhiteElo "2423"]
[BlackElo "2509"]
[Annotator "ChessBase"]
[PlyCount "107"]
[EventDate "2018.10.12"]
[EventType "team-tourn"]
[EventCountry "GRE"]
[SourceTitle "playchess.com"]
[Source "ChessBase"]
[SourceQuality "1"]
[WhiteTeam "SSHOR"]
[BlackTeam "Nona"]
[TimeControl "40/5400+30:1800+30"]

1. e4 {[%emt 0:00:00]} c5 {[%emt 0:00:00]} 2. Nf3 {[%emt 0:00:00]} e6 {[%emt 0:00:00]} 3. d4 {[%emt 0:00:00]} cxd4 {[%emt 0:00:00]} 4. Nxd4 {[%emt 0:00:00]} a6 {[%emt 0:00:00]} 5. Nc3 {[%emt 0:00:17]} Qc7 {[%emt 0:00:02]} 6. Be2 {[%emt 0:01:16]} Nf6 {[%emt 0:00:31]} 7. O-O {[%emt 0:01:19]} Be7 {[%emt 0:02:31]} 8. f4 {[%emt 0:01:42]} d6 {[%emt 0:00:05]} 9. Be3 {[%emt 0:00:59]} Nbd7 {[%emt 0:07:36]} 10. a4 {[%emt 0:01:35]} b6 {[%emt 0:04:47]} 11. Bf3 {[%emt 0:04:10]} Bb7 {[%emt 0:00:18]} 12. Qe2 {[%emt 0:04:00]} O-O {[%emt 0:10:44]} 13. g4 {[%emt 0:02:59]} Nc5 {[%emt 0:03:08]} 14. Qg2 {[%emt 0:02:20]} d5 {[%emt 0:11:07]} 15. exd5 {[%emt 0:08:03]} exd5 {[%emt 0:00:14]} 16. Nxd5 {[%emt 0:07:32]} Bxd5 {[%emt 0:01:36]} 17. Bxd5 {[%emt 0:00:05]} Nxd5 {[%emt 0:00:07]} 18. Qxd5 {[%emt 0:00:04]} Bf6 {[%emt 0:00:06]} 19. g5 {[%emt 0:13:04]} Bxd4 20. Bxd4 {[%emt 0:04:21]} Ne6 {[%emt 0:02:06]} 21. Qe5 {[%emt 0:03:09]} Qxc2 {[%emt 0:01:40]} 22. Bc3 {[%emt 0:01:36]} Rac8 {[%emt 0:01:56]} 23. a5 {[%emt 0:25:00]} Rc5 {[%emt 0:09:31]} 24. Qe3 {[%emt 0:00:06]} bxa5 {[%emt 0:00:08]} 25. Rxa5 {[%emt 0:08:06]} Rxa5 {[%emt 0:00:39]} 26. Bxa5 {[%emt 0:00:01]} Qf5 {[%emt 0:18:12]} 27. Bc3 {[%emt 0:02:05]} Rd8 {[%emt 0:00:06]} 28. Be5 {[%emt 0:04:22]} Rd3 {[%emt 0:06:14]} 29. Qe2 {[%emt 0:00:30]} Rh3 {[%emt 0:00:40]} 30. Qxa6 {[%emt 0:03:18]} h6 {[%emt 0:00:08]} 31. Qa8+ {[%emt 0:01:06]} Kh7 {[%emt 0:00:04]} 32. gxh6 {[%emt 0:00:45]} Rxh6 {[%emt 0:00:23]} 33. Qf3 {[%emt 0:01:46]} f6 {[%emt 0:02:12]} 34. Bc3 {[%emt 0:00:46]} Rh3 {[%emt 0:00:04]} 35. Qf2 {[%emt 0:00:33]} Nc5 {[%emt 0:00:45]} 36. Qg2 {[%emt 0:00:28]} Rh4 {[%emt 0:01:25]} 37. Be1 {[%emt 0:00:16]} Rg4 {[%emt 0:01:25]} 38. Bg3 {[%emt 0:00:00]} Ne4 {[%emt 0:00:09]} 39. Re1 {[%emt 0:00:44]} Qc5+ {[%emt 0:00:54]} 40. Kh1 {[%emt 0:00:00]} Nxg3+ {[%emt 0:00:00]} 41. hxg3 {[%emt 0:00:49]} Rg6 {[%emt 0:06:54]} 42. Qf3 {[%emt 0:05:47]} Qc2 {[%emt 0:01:28]} 43. Re2 {[%emt 0:01:43]} Qd1+ {[%emt 0:01:39]} 44. Kg2 {[%emt 0:00:06]} Rh6 {[%emt 0:00:46]} 45. Qe4+ {[%emt 0:03:19]} Kh8 {[%emt 0:00:25]} 46. Qe8+ {[%emt 0:05:08]} Kh7 {[%emt 0:02:54]} 47. Re1 {[%emt 0:05:07]} Qd2+ {[%emt 0:06:26]} 48. Qe2 {[%emt 0:00:45]} Qd7 {[%emt 0:00:07]} 49. g4 {[%emt 0:02:56]} f5 {[%emt 0:03:32]} 50. Qc2 {[%emt 0:05:00]} Rd6 {[%emt 0:04:49]} 51. Rh1+ {[%emt 0:01:53]} Kg6 {[%emt 0:00:15]} 52. Qxf5+ {[%emt 0:03:02]} Qxf5 {[%emt 0:00:11]} 53. gxf5+ {[%emt 0:00:01]} Kxf5 {[%emt 0:00:08]} 54. Rf1 {[%emt 0:00:59]} 1/2-1/2

[Event "23rd European Women Club Cup 2018"]
[Site "Halkidiki"]
[Date "2018.10.17"]
[Round "6"]
[White "Nechaeva, Marina"]
[Black "Cornette, Deimante"]
[Result "0-1"]
[WhiteElo "2409"]
[BlackElo "2462"]
[Annotator "ChessBase"]
[PlyCount "88"]
[EventDate "2018.10.12"]
[EventType "team-tourn"]
[EventCountry "GRE"]
[SourceTitle "playchess.com"]
[Source "ChessBase"]
[SourceQuality "1"]
[WhiteTeam "Ugra"]
[BlackTeam "Monte-Carlo"]
[TimeControl "40/5400+30:1800+30"]

1. d4 {[%emt 0:00:00]} Nf6 {[%emt 0:00:00]} 2. c4 {[%emt 0:00:00]} e6 {[%emt 0:00:00]} 3. Nf3 {[%emt 0:00:00]} b6 {[%emt 0:00:10]} 4. g3 {[%emt 0:00:10]} Bb4+ {[%emt 0:01:00]} 5. Bd2 {[%emt 0:00:06]} Bxd2+ {[%emt 0:00:15]} 6. Qxd2 {[%emt 0:00:04]} Ba6 {[%emt 0:00:20]} 7. b3 {[%emt 0:00:05]} O-O {[%emt 0:01:50]} 8. Bg2 {[%emt 0:00:03]} d5 {[%emt 0:00:29]} 9. O-O {[%emt 0:00:06]} c5 {[%emt 0:11:37]} 10. Nc3 {[%emt 0:00:08]} Nc6 {[%emt 0:00:57]} 11. Rfd1 {[%emt 0:00:08]} Rc8 {[%emt 0:39:07]} 12. cxd5 {[%emt 0:07:36]} exd5 {[%emt 0:01:06]} 13. dxc5 {[%emt 0:22:29]} bxc5 {[%emt 0:00:23]} 14. e3 {[%emt 0:16:15]} d4 {[%emt 0:09:46]} 15. Na4 {[%emt 0:01:59]} Ne4 {[%emt 0:01:59]} 16. Qb2 {[%emt 0:00:25]} Nb4 {[%emt 0:06:37]} 17. Ne1 {[%emt 0:02:33]} Re8 {[%emt 0:03:19]} 18. exd4 {[%emt 0:00:12]} Qf6 {[%emt 0:07:51]} 19. dxc5 {[%emt 0:08:08]} Qxb2 {[%emt 0:00:42]} 20. Nxb2 {[%emt 0:00:03]} Nxc5 {[%emt 0:05:46]} 21. Bf1 {[%emt 0:00:50]} Bxf1 {[%emt 0:01:23]} 22. Kxf1 {[%emt 0:00:03]} g6 {[%emt 0:01:03]} 23. Nc4 {[%emt 0:04:45]} Re6 {[%emt 0:00:28]} 24. Nf3 {[%emt 0:03:20]} Ra6 {[%emt 0:00:27]} 25. Nfe5 {[%emt 0:19:39]} Nc2 {[%emt 0:01:18]} 26. Rac1 {[%emt 0:00:45]} Rxa2 {[%emt 0:00:15]} 27. Nd6 {[%emt 0:08:42]} Rb8 {[%emt 0:00:43]} 28. Rd5 {[%emt 0:01:55]} Nxb3 {[%emt 0:00:32]} 29. Rcd1 {[%emt 0:00:03]} Nb4 {[%emt 0:00:45]} 30. Nd7 {[%emt 0:01:20]} Nxd5 {[%emt 0:01:35]} 31. Nxb8 {[%emt 0:00:04]} Nd2+ {[%emt 0:02:22]} 32. Kg2 {[%emt 0:00:03]} a5 {[%emt 0:00:57]} 33. Re1 {[%emt 0:01:37]} a4 {[%emt 0:00:06]} 34. Re5 {[%emt 0:00:03]} Nf6 {[%emt 0:00:46]} 35. Re2 {[%emt 0:01:10]} Rb2 {[%emt 0:00:26]} 36. Nc6 {[%emt 0:01:02]} a3 {[%emt 0:00:11]} 37. Re3 {[%emt 0:00:28]} a2 {[%emt 0:00:33]} 38. Ra3 {[%emt 0:00:03]} Nb3 {[%emt 0:00:41]} 39. Ra8+ {[%emt 0:00:04]} Kg7 {[%emt 0:00:04]} 40. Ra7 {[%emt 0:00:00]} a1=Q {[%emt 0:00:00]} 41. Rxf7+ {[%emt 0:00:09]} Kh6 {[%emt 0:03:04]} 42. Rxf6 {[%emt 0:00:35]} Nd2 {[%emt 0:05:06]} 43. h4 {[%emt 0:00:14]} Qf1+ {[%emt 0:00:21]} 44. Kh2 {[%emt 0:00:01]} Nf3+ {[%emt 0:00:34]} 0-1

[Event "23rd European Women Club Cup 2018"]
[Site "Halkidiki"]
[Date "2018.10.17"]
[Round "6"]
[White "Zhukova, Natalia"]
[Black "Paehtz, Elisabeth"]
[Result "1/2-1/2"]
[WhiteElo "2403"]
[BlackElo "2513"]
[Annotator "ChessBase"]
[PlyCount "118"]
[EventDate "2018.10.12"]
[EventType "team-tourn"]
[EventCountry "GRE"]
[SourceTitle "playchess.com"]
[Source "ChessBase"]
[SourceQuality "1"]
[WhiteTeam "Kyiv"]
[BlackTeam "Pentole Agnelli"]
[TimeControl "40/5400+30:1800+30"]

1. c4 {[%emt 0:00:00]} d6 {[%emt 0:00:57]} 2. Nc3 {[%emt 0:01:00]} e5 {[%emt 0:00:14]} 3. Nf3 {[%emt 0:00:49]} g6 {[%emt 0:00:08]} 4. d4 {[%emt 0:00:47]} Bg7 {[%emt 0:00:02]} 5. e4 {[%emt 0:00:58]} Bg4 {[%emt 0:00:04]} 6. dxe5 {[%emt 0:05:24]} dxe5 {[%emt 0:00:09]} 7. Qxd8+ {[%emt 0:00:10]} Kxd8 {[%emt 0:00:02]} 8. Ng5 {[%emt 0:02:42]} Nh6 {[%emt 0:01:02]} 9. h3 {[%emt 0:00:20]} Bd7 {[%emt 0:00:43]} 10. Be3 {[%emt 0:07:59]} f6 {[%emt 0:00:22]} 11. Nf3 {[%emt 0:00:09]} Nf7 {[%emt 0:00:39]} 12. O-O-O {[%emt 0:19:15]} c6 {[%emt 0:01:05]} 13. Be2 {[%emt 0:01:20]} Ke7 {[%emt 0:13:24]} 14. Ne1 {[%emt 0:10:41]} Be6 {[%emt 0:10:39]} 15. g3 {[%emt 0:04:41]} Na6 {[%emt 0:07:20]} 16. b3 {[%emt 0:08:58]} Bh6 {[%emt 0:12:25]} 17. f4 {[%emt 0:01:19]} Rhd8 {[%emt 0:04:55]} 18. Rxd8 {[%emt 0:00:21]} Rxd8 {[%emt 0:03:08]} 19. Nd3 {[%emt 0:11:24]} exf4 {[%emt 0:04:10]} 20. gxf4 {[%emt 0:00:37]} Ne5 {[%emt 0:01:10]} 21. Nf2 {[%emt 0:00:13]} f5 {[%emt 0:06:10]} 22. h4 {[%emt 0:04:34]} Nf7 {[%emt 0:01:00]} 23. h5 {[%emt 0:01:34]} g5 {[%emt 0:05:33]} 24. Nh3 {[%emt 0:05:42]} Bg7 {[%emt 0:04:08]} 25. Nd1 {[%emt 0:03:23]} gxf4 {[%emt 0:05:46]} 26. Nxf4 {[%emt 0:00:41]} fxe4 {[%emt 0:02:17]} 27. Nxe6 {[%emt 0:01:11]} Kxe6 {[%emt 0:00:03]} 28. Bg4+ {[%emt 0:01:14]} Ke7 {[%emt 0:00:37]} 29. Bf5 {[%emt 0:02:16]} h6 {[%emt 0:00:42]} 30. Bxe4 {[%emt 0:00:03]} Bd4 {[%emt 0:00:06]} 31. Bg6 {[%emt 0:01:30]} Ng5 {[%emt 0:06:37]} 32. Bxd4 {[%emt 0:00:21]} Rxd4 {[%emt 0:00:10]} 33. Ne3 {[%emt 0:00:02]} Rf4 {[%emt 0:01:04]} 34. Nf5+ {[%emt 0:00:37]} Kf6 {[%emt 0:00:23]} 35. Nxh6 {[%emt 0:00:14]} Nb4 {[%emt 0:00:08]} 36. a3 {[%emt 0:03:18]} Na6 {[%emt 0:00:46]} 37. Rg1 {[%emt 0:01:37]} Nf3 {[%emt 0:00:50]} 38. Rg3 {[%emt 0:00:52]} Ne5 {[%emt 0:02:25]} 39. Bc2 {[%emt 0:00:17]} Rh4 {[%emt 0:03:07]} 40. Ng8+ {[%emt 0:00:00]} Ke6 {[%emt 0:00:00]} 41. h6 {[%emt 0:00:45]} Nc5 {[%emt 0:01:31]} 42. h7 {[%emt 0:10:39]} a5 {[%emt 0:03:59]} 43. b4 {[%emt 0:06:31]} axb4 {[%emt 0:01:26]} 44. axb4 {[%emt 0:00:01]} Na6 {[%emt 0:06:02]} 45. Rg7 {[%emt 0:03:20]} Nxb4 {[%emt 0:06:40]} 46. Re7+ {[%emt 0:01:15]} Kd6 {[%emt 0:00:06]} 47. Bf5 {[%emt 0:03:27]} Rh1+ {[%emt 0:05:49]} 48. Kd2 {[%emt 0:00:59]} Nf3+ {[%emt 0:01:03]} 49. Kc3 {[%emt 0:08:01]} Na2+ {[%emt 0:00:22]} 50. Kb2 {[%emt 0:00:11]} Rh2+ {[%emt 0:00:51]} 51. Bc2 {[%emt 0:01:11]} Nb4 {[%emt 0:00:13]} 52. Re2 {[%emt 0:00:22]} Rxe2 {[%emt 0:00:59]} 53. h8=Q {[%emt 0:00:05]} Nxc2 {[%emt 0:01:29]} 54. Qf6+ {[%emt 0:01:09]} Kc5 {[%emt 0:01:54]} 55. Kc3 {[%emt 0:00:01]} Ncd4 {[%emt 0:00:56]} 56. Qf8+ {[%emt 0:00:02]} Kb6 {[%emt 0:00:05]} 57. Kd3 {[%emt 0:01:19]} Rd2+ {[%emt 0:00:30]} 58. Ke3 {[%emt 0:00:15]} Re2+ {[%emt 0:01:30]} 59. Kd3 {[%emt 0:00:01]} Rd2+ {[%emt 0:01:32]} 1/2-1/2

[Event "23rd European Women Club Cup 2018"]
[Site "Halkidiki"]
[Date "2018.10.17"]
[Round "6"]
[White "Mammadova, Gulnar"]
[Black "Kumanska, Olena"]
[Result "1-0"]
[WhiteElo "2355"]
[BlackElo "2054"]
[Annotator "NA"]
[PlyCount "71"]
[EventDate "2018.10.12"]
[EventType "team-tourn"]
[EventCountry "GRE"]
[SourceTitle "playchess.com"]
[Source "ChessBase"]
[SourceQuality "1"]
[WhiteTeam "Odlar Yurdu"]
[BlackTeam "Beer Sheva"]
[TimeControl "40/5400+30:1800+30"]

1. e4 {[%emt 0:00:00]} c5 {[%emt 0:00:00]} 2. Nf3 {[%emt 0:00:00]} e6 {[%emt 0:00:00]} 3. b3 {[%emt 0:00:00]} b6 {[%emt 0:00:23]} 4. Bd3 {[%emt 0:00:02]} Bb7 {[%emt 0:00:16]} 5. O-O {[%emt 0:00:07]} d6 {[%emt 0:01:11]} 6. Bb2 {[%emt 0:01:01]} Nf6 {[%emt 0:00:42]} 7. e5 {[%emt 0:02:02]} dxe5 {[%emt 0:01:44]} 8. Nxe5 {[%emt 0:00:30]} a6 {[%emt 0:05:25]} 9. Qe2 {[%emt 0:03:14]} Be7 {[%emt 0:02:46]} 10. Nc3 {[%emt 0:01:47]} O-O {[%emt 0:01:07]} 11. Rae1 {[%emt 0:02:52]} Nbd7 {[%emt 0:06:44]} 12. f4 {[%emt 0:03:17]} g6 {[%emt 0:01:22]} 13. Nxd7 {[%emt 0:09:03]} Nxd7 {[%emt 0:04:35]} 14. f5 {[%emt 0:01:40]} e5 {[%emt 0:00:44]} 15. Ne4 {[%emt 0:04:06]} b5 {[%emt 0:05:02]} 16. Kh1 {[%emt 0:05:47]} Qb6 {[%emt 0:00:51]} 17. c4 {[%emt 0:01:32]} b4 {[%emt 0:10:30]} 18. Qf2 {[%emt 0:05:54]} Rad8 {[%emt 0:05:37]} 19. Qg3 {[%emt 0:05:08]} Bxe4 {[%emt 0:05:28]} 20. Bxe4 {[%emt 0:00:37]} Qd6 {[%emt 0:12:52]} 21. Bd5 {[%emt 0:03:37]} Kg7 {[%emt 0:02:06]} 22. d3 {[%emt 0:07:26]} f6 {[%emt 0:00:55]} 23. h4 {[%emt 0:06:51]} a5 {[%emt 0:05:29]} 24. fxg6 {[%emt 0:02:30]} h6 {[%emt 0:00:17]} 25. Rf5 {[%emt 0:01:08]} Nb6 {[%emt 0:02:11]} 26. Be4 {[%emt 0:03:03]} Nd7 {[%emt 0:00:36]} 27. Rh5 {[%emt 0:00:44]} Rh8 {[%emt 0:00:35]} 28. Bc1 {[%emt 0:00:06]} f5 {[%emt 0:04:44]} 29. Rxf5 {[%emt 0:00:34]} Rdf8 {[%emt 0:01:46]} 30. Rh5 {[%emt 0:02:57]} Nf6 {[%emt 0:10:37]} 31. Qxe5 {[%emt 0:02:49]} Qxe5 {[%emt 0:00:22]} 32. Rxe5 {[%emt 0:00:03]} Bd6 {[%emt 0:00:06]} 33. Re6 {[%emt 0:00:09]} Nxe4 {[%emt 0:01:42]} 34. R6xe4 {[%emt 0:00:47]} Bg3 {[%emt 0:00:38]} 35. Bb2+ {[%emt 0:00:18]} Kxg6 {[%emt 0:00:24]} 36. Rg4+ {[%emt 0:00:09]} 1-0

[Event "23rd European Women Club Cup 2018"]
[Site "Halkidiki"]
[Date "2018.10.17"]
[Round "6"]
[White "Belenkaya, Dina"]
[Black "Javakhishvili, Lela"]
[Result "0-1"]
[WhiteElo "2329"]
[BlackElo "2475"]
[Annotator "ChessBase"]
[PlyCount "82"]
[EventDate "2018.10.12"]
[EventType "team-tourn"]
[EventCountry "GRE"]
[SourceTitle "playchess.com"]
[Source "ChessBase"]
[SourceQuality "1"]
[WhiteTeam "SSHOR"]
[BlackTeam "Nona"]
[TimeControl "40/5400+30:1800+30"]

1. e4 {[%emt 0:00:00]} c5 {[%emt 0:00:00]} 2. c3 {[%emt 0:00:00]} Nf6 {[%emt 0:00:00]} 3. e5 {[%emt 0:00:00]} Nd5 {[%emt 0:00:00]} 4. Nf3 {[%emt 0:00:15]} e6 {[%emt 0:00:28]} 5. d4 {[%emt 0:00:24]} cxd4 {[%emt 0:00:05]} 6. cxd4 {[%emt 0:00:10]} d6 {[%emt 0:00:05]} 7. a3 {[%emt 0:02:26]} Bd7 {[%emt 0:00:43]} 8. Bd3 {[%emt 0:01:07]} Bc6 {[%emt 0:00:49]} 9. O-O {[%emt 0:01:27]} Nd7 {[%emt 0:00:26]} 10. b4 {[%emt 0:05:05]} a6 {[%emt 0:00:07]} 11. Nbd2 {[%emt 0:01:28]} Nc3 {[%emt 0:02:09]} 12. Qb3 {[%emt 0:05:23]} Rc8 {[%emt 0:00:13]} 13. exd6 {[%emt 0:16:52]} Bd5 {[%emt 0:10:06]} 14. Bc4 {[%emt 0:12:37]} Ne2+ {[%emt 0:13:51]} 15. Kh1 {[%emt 0:00:40]} Rxc4 {[%emt 0:00:23]} 16. Nxc4 {[%emt 0:00:08]} b5 {[%emt 0:06:34]} 17. Be3 {[%emt 0:15:30]} Qa8 {[%emt 0:06:58]} 18. Nh4 {[%emt 0:05:34]} Bxc4 {[%emt 0:04:42]} 19. Qc2 {[%emt 0:01:23]} Bxd6 {[%emt 0:04:10]} 20. f4 {[%emt 0:06:58]} Qd8 {[%emt 0:03:23]} 21. g3 {[%emt 0:01:17]} Qa8+ {[%emt 0:04:55]} 22. Nf3 {[%emt 0:05:37]} Nf6 {[%emt 0:06:16]} 23. Rae1 {[%emt 0:02:38]} Nd5 {[%emt 0:04:40]} 24. Qd2 {[%emt 0:07:03]} Nec3 {[%emt 0:03:13]} 25. Rg1 {[%emt 0:00:49]} Nxf4 {[%emt 0:03:32]} 26. gxf4 {[%emt 0:05:14]} Qxf3+ {[%emt 0:00:07]} 27. Rg2 {[%emt 0:00:05]} Nd5 {[%emt 0:03:27]} 28. Qf2 {[%emt 0:01:50]} Qxf2 {[%emt 0:00:41]} 29. Rxf2 {[%emt 0:00:04]} Nxe3 {[%emt 0:00:15]} 30. Rxe3 {[%emt 0:00:05]} f5 {[%emt 0:01:42]} 31. Kg1 {[%emt 0:00:21]} Kf7 {[%emt 0:00:17]} 32. Rh3 {[%emt 0:00:22]} h6 {[%emt 0:00:50]} 33. Kg2 {[%emt 0:01:34]} Bd5+ {[%emt 0:00:21]} 34. Kf1 {[%emt 0:00:21]} Rc8 {[%emt 0:00:13]} 35. Ke1 {[%emt 0:00:48]} Rc1+ {[%emt 0:00:45]} 36. Kd2 {[%emt 0:00:07]} Ra1 {[%emt 0:01:18]} 37. Rc3 {[%emt 0:00:24]} Ra2+ {[%emt 0:00:29]} 38. Ke3 {[%emt 0:00:11]} Rxf2 {[%emt 0:00:16]} 39. Kxf2 {[%emt 0:00:07]} Bxf4 {[%emt 0:00:10]} 40. h3 {[%emt 0:00:00]} g5 {[%emt 0:00:00]} 41. Rc8 {[%emt 0:01:57]} g4 {[%emt 0:00:37]} 0-1

[Event "23rd European Women Club Cup 2018"]
[Site "Halkidiki"]
[Date "2018.10.17"]
[Round "6"]
[White "Babiy, Olga"]
[Black "Tsolakidou, Stavroula"]
[Result "0-1"]
[WhiteElo "2310"]
[BlackElo "2393"]
[Annotator "ChessBase"]
[PlyCount "138"]
[EventDate "2018.10.12"]
[EventType "team-tourn"]
[EventCountry "GRE"]
[SourceTitle "playchess.com"]
[Source "ChessBase"]
[SourceQuality "1"]
[WhiteTeam "Kyiv"]
[BlackTeam "Pentole Agnelli"]
[TimeControl "40/5400+30:1800+30"]

1. e4 {[%emt 0:00:00]} c5 {[%emt 0:00:00]} 2. Nf3 {[%emt 0:00:00]} d6 {[%emt 0:00:00]} 3. d4 {[%emt 0:00:00]} cxd4 {[%emt 0:00:00]} 4. Nxd4 {[%emt 0:00:00]} Nf6 {[%emt 0:00:00]} 5. Nc3 {[%emt 0:00:00]} a6 {[%emt 0:00:00]} 6. Be3 {[%emt 0:00:00]} e5 {[%emt 0:00:02]} 7. Nf3 {[%emt 0:00:09]} Qc7 {[%emt 0:00:21]} 8. a4 {[%emt 0:00:39]} Be7 {[%emt 0:00:13]} 9. Be2 {[%emt 0:00:27]} Nbd7 {[%emt 0:01:20]} 10. O-O {[%emt 0:01:42]} Nc5 {[%emt 0:00:36]} 11. Nd2 {[%emt 0:00:31]} Be6 {[%emt 0:00:34]} 12. Bf3 {[%emt 0:04:58]} O-O {[%emt 0:00:41]} 13. a5 {[%emt 0:01:39]} Ncd7 {[%emt 0:06:30]} 14. Qe2 {[%emt 0:02:09]} h6 {[%emt 0:17:48]} 15. Rfd1 {[%emt 0:04:42]} Rfe8 {[%emt 0:02:09]} 16. h3 {[%emt 0:02:17]} Bf8 {[%emt 0:04:12]} 17. Ra4 {[%emt 0:05:26]} Rac8 {[%emt 0:02:29]} 18. Qe1 {[%emt 0:04:22]} Qc6 {[%emt 0:10:05]} 19. Nf1 {[%emt 0:07:32]} Bc4 {[%emt 0:09:21]} 20. Nd2 {[%emt 0:10:36]} Be6 {[%emt 0:00:50]} 21. Nf1 {[%emt 0:02:00]} Qc7 {[%emt 0:06:39]} 22. Bc1 {[%emt 0:06:10]} Ra8 {[%emt 0:11:04]} 23. b3 {[%emt 0:11:43]} b5 {[%emt 0:07:28]} 24. axb6 {[%emt 0:00:13]} Nxb6 {[%emt 0:00:05]} 25. Ra2 {[%emt 0:02:14]} a5 {[%emt 0:01:27]} 26. Be3 {[%emt 0:05:37]} Bd7 {[%emt 0:08:02]} 27. Rda1 {[%emt 0:06:05]} Rec8 {[%emt 0:05:42]} 28. Bxb6 {[%emt 0:02:11]} Qxb6 {[%emt 0:00:14]} 29. Ne3 {[%emt 0:00:24]} Qb4 {[%emt 0:03:25]} 30. Ncd5 {[%emt 0:05:54]} Nxd5 {[%emt 0:00:56]} 31. Nxd5 {[%emt 0:00:10]} Qxe1+ {[%emt 0:02:42]} 32. Rxe1 {[%emt 0:00:06]} Rab8 {[%emt 0:00:06]} 33. Bg4 {[%emt 0:02:26]} Be6 {[%emt 0:00:18]} 34. Ne3 {[%emt 0:00:07]} Rb4 {[%emt 0:00:46]} 35. f3 {[%emt 0:09:18]} Rc5 {[%emt 0:00:04]} 36. Rea1 {[%emt 0:00:38]} Rc3 {[%emt 0:00:22]} 37. Kf2 {[%emt 0:04:22]} Be7 {[%emt 0:00:39]} 38. Bxe6 {[%emt 0:01:38]} fxe6 {[%emt 0:00:06]} 39. Ke2 {[%emt 0:00:13]} Bg5 {[%emt 0:01:11]} 40. Nc4 {[%emt 0:00:00]} a4 {[%emt 0:00:00]} 41. Rxa4 {[%emt 0:09:15]} Rxa4 {[%emt 0:09:06]} 42. Rxa4 {[%emt 0:00:02]} Rxc2+ {[%emt 0:00:18]} 43. Kf1 {[%emt 0:03:54]} Rc1+ {[%emt 0:04:02]} 44. Ke2 {[%emt 0:00:06]} Rc2+ {[%emt 0:00:11]} 45. Kf1 {[%emt 0:00:14]} h5 {[%emt 0:09:42]} 46. Nxd6 {[%emt 0:05:44]} Be3 {[%emt 0:00:59]} 47. Ra8+ {[%emt 0:01:43]} Kh7 {[%emt 0:00:05]} 48. Nf7 {[%emt 0:00:58]} Rf2+ {[%emt 0:02:40]} 49. Ke1 {[%emt 0:00:01]} Rxg2 {[%emt 0:00:09]} 50. Nxe5 {[%emt 0:02:07]} Rh2 {[%emt 0:02:20]} 51. Re8 {[%emt 0:04:03]} Rxh3 {[%emt 0:01:20]} 52. Ke2 {[%emt 0:02:05]} Bf4 {[%emt 0:02:03]} 53. Rxe6 {[%emt 0:00:24]} Rh2+ {[%emt 0:00:20]} 54. Kf1 {[%emt 0:01:03]} h4 {[%emt 0:01:44]} 55. Ng4 {[%emt 0:01:44]} Rb2 {[%emt 0:00:12]} 56. Nf2 {[%emt 0:00:12]} Be3 {[%emt 0:00:50]} 57. Ng4 {[%emt 0:03:31]} h3 {[%emt 0:00:47]} 58. Re5 {[%emt 0:00:15]} Kg6 {[%emt 0:00:38]} 59. Re6+ {[%emt 0:01:20]} Kf7 {[%emt 0:00:24]} 60. Re5 {[%emt 0:00:54]} Kg6 {[%emt 0:01:55]} 61. Re6+ {[%emt 0:00:27]} Kh5 {[%emt 0:00:15]} 62. Re5+ {[%emt 0:01:27]} Bg5 {[%emt 0:01:57]} 63. f4 {[%emt 0:00:48]} Kxg4 {[%emt 0:00:29]} 64. Rxg5+ {[%emt 0:00:01]} Kxf4 {[%emt 0:00:34]} 65. Rf5+ {[%emt 0:01:00]} Kxe4 {[%emt 0:00:20]} 66. Rh5 {[%emt 0:00:29]} h2 {[%emt 0:00:05]} 67. b4 {[%emt 0:00:23]} g5 {[%emt 0:00:16]} 68. b5 {[%emt 0:00:14]} Kf3 {[%emt 0:00:10]} 69. Rh3+ {[%emt 0:00:15]} Kg4 {[%emt 0:00:04]} 0-1